| 000 | 00494nam a2200169Ia 4500 | ||
|---|---|---|---|
| 008 | 230718s9999 xx 000 0 und d | ||
| 020 | _a9788126516575 | ||
| 041 | _aeng | ||
| 082 |
_a621.395 _bBAK |
||
| 100 | _aBaker R.J. | ||
| 245 |
_aCMOS Mixed-Signal Circuit Design _bVolume II of CMOS: Circuit Design, Layout, And Simulation |
||
| 260 |
_c2014 _bWiley |
||
| 300 | _a501 | ||
| 365 |
_cRs. _b669.00 |
||
| 700 | _aBaker R.J. | ||
| 906 |
_dO:0584416-Jan-2018B:498909-Jan-2018 _cMTE _b2435.16 |
||
| 999 |
_c346744 _d346744 |
||